| 000 | 00740nam a2200205Ia 4500 | ||
|---|---|---|---|
| 003 | GCL | ||
| 008 | 140319s9999 xx 000 0 ara d | ||
| 040 |
_aGCL / _cGCL |
||
| 082 | 0 | 4 |
_a189.1 _bح ت |
| 100 | 1 | _aخليل الجر | |
| 245 | 1 | 0 |
_aتاريخ الفلسفة العربية الجزء الاول: مقدمات عامة الفلسفة الاسلامية: الجزء الثانى الفلسفة العربية فى الشرق والغرب / _cخليل الجر |
| 700 | 1 | _aحنا الفاخورى | |
| 260 |
_a[S.N] : _bدار الجيل |
||
| 490 | _a | ||
| 650 | 0 | 4 | _aالفلسفة الاسلامية |
| 650 | 0 | 4 | _aالاسلام |
| 650 | 0 | 4 | _aالفلسفة |
| 650 | 0 | 4 | _aالتصوف الاسلامى |
| 942 |
_2ddc _cBK |
||
| 999 |
_c35145 _d35145 |
||